Wszyscy zwycięzcy FIFA THE BEST - Statystyki

Ogólne statystyki
  • Ten quiz został rozwiązany 108 razy
    60 od ostatniego zresetowania
  • Średni wynik to 9 z 9
Statystyki odpowiedzi
8⁠-⁠) Odpowiedz % Poprawnych
2017 Cristiano Ronaldo
100%
2016 Cristiano Ronaldo
100%
2022 Messi
100%
2019 Messi
100%
2021 Lewandowski
98%
2020 Lewandowski
98%
2023 Messi XDDD
98%
2018 Modrić
81%
2024 Vinicius
75%
Nie znaleziono quizów pasujących do podanych kryteriów
Rozkład punktacji
Procent ludzi z każdym wynikiem
Percentyl według liczby udzielonych odpowiedzi
Twoja historia wyników
Nie rozwiązałeś tego quizu od ostatniego zresetowania